000 00630nam a2200241Ia 4500
003 OSt
005 20220918175055.0
006 a|||||r|||| 00| 0
007 ta
008 220917b |||||||| |||| 00| 0 eng d
024 _a15,574
037 _cTextual
040 _aARTS
_cARTS
_beng
041 _2eng
_aeng
082 _aNA44,D8(Q23:31), N4
100 _aNatarajan B.
_952809
245 0 _aTillai and Nataraja
260 _aMadras
_bMudgala Trust India
_c1994
300 _axxv,632p.
_ccm.
650 _aARTS
942 _hNA44,D8(Q23:31), N4
_cTEXL
_2CC
999 _c155972
_d155972